000 00579cam a22002053a 4500
001 43250
003 PGUSA
005 20140828084001.0
008 130719s2013||||xxu|||||s|||||000 | eng d
040 _aPGUSA
_beng
042 _adc
100 1 _aMcManus, Blanche,
_d1869-1935
245 1 0 _aOur Little English Cousin
_h[electronic resource] /
_cBlanche McManus
260 _bProject Gutenberg,
_c2013
506 _aPublic domain in the USA.
516 _aElectronic text
830 0 _aProject Gutenberg
_v43250
856 4 0 _uhttp://www.gutenberg.org/ebooks/43250
942 _cEB
999 _c272501
_d272501